000 01714nam a2200349Ia 4500
001 ebr10178145
003 CaPaEBR
006 m u
007 cr cn|||||||||
008 070731s2007 dcua sb 100 0 eng d
010 _z 2007278147
020 _z9780309105927
020 _z0309105927
040 _aCaPaEBR
_cCaPaEBR
035 _a(OCoLC)236344500
050 1 4 _aRA967
_b.G822 2007eb
245 0 0 _aGreen healthcare institutions
_h[electronic resource] :
_bhealth, environment, and economics : workshop summary /
_cHoward Frumkin and Christine Coussens, rapporteurs ; Roundtable on Environmental Health Sciences, Research, and Medicine, Board on Population Health and Public Health Practice, Institute of Medicine of the National Academies.
246 3 _aGreen health care institutions
260 _aWashington, D.C. :
_bNational Academies Press,
_cc2007.
300 _axii, 116 p. :
_bill.
504 _aIncludes bibliographical references (p. 101-106).
533 _aElectronic reproduction.
_bPalo Alto, Calif. :
_cebrary,
_d2009.
_nAvailable via World Wide Web.
_nAccess may be limited to ebrary affiliated libraries.
650 0 _aHealth facilities
_xEnvironmental aspects.
650 0 _aHealth facilities
_xDesign and construction.
650 0 _aSustainable buildings
_xDesign and construction.
655 7 _aElectronic books.
_2local
700 1 _aFrumkin, Howard.
700 1 _aCoussens, Christine.
710 2 _aInstitute of Medicine (U.S.).
_bRoundtable on Environmental Health Sciences, Research, and Medicine.
710 2 _aebrary, Inc.
856 4 0 _uhttp://site.ebrary.com/lib/rucke/Doc?id=10178145
_zAn electronic book accessible through the World Wide Web; click to view
999 _c140714
_d140714